| 000 | 00439nam a2200157Ia 4500 | ||
|---|---|---|---|
| 008 | 230917s9999||||xx |||||||||||||| ||und|| | ||
| 040 |
_e202144 _aMAIN |
||
| 041 | _aEnglish | ||
| 082 | _a660.60243637 T326E(2) | ||
| 100 | _aThakur, Indu Shekhar | ||
| 245 | 0 | _aEnvironmental Biotechnology: Basic concepts and applications | |
| 250 | _a2nd ed. | ||
| 260 |
_aNew Delhi _bI K International _c2011 |
||
| 300 | _axviii, 516 p. | ||
| 942 | _cBK | ||
| 999 |
_c157728 _d157728 |
||